00611nam a2200205Ia 4500003000400000005001700004008004100021040000700062041000800069082001500077100003000092245004600122260002000168300000900188650002000197700002700217942001300244999001900257952012900276OSt20260123104441.0250729s2003 xx 000 0 und d cAL aeng a020.2 GOKE aGovt of Karnataka9227880 aEnglish reader Ist language 10th standard aBangalorec2003 a162p aEnglish9227881 aGoo Digumurthi9227882 2ddccBED c237807d237807 00104070aALbALd2025-07-29eManagement Booksg95.00l0o020.2 GOKEpBED03126r2025-07-29 16:56:05v95.00w2025-07-29yBK